02713 a2200181 45000010006000000050017000060080041000230030015000640400040000790800109001192450049002282640080002773000023003575052083003800410008024631000037024717000023025084171520260407155709.0260407a1963 arg spa dAR-UNSa-BCEJYS aAR-UNSa-BCEJYSbspacAR-UNSa-BCEJYS a339.9xEconomía internacional en general. Relaciones económicas internacionales. Economía mundial 10aIntroducción a la economía internacional 1aMéxico :bUnión Tipográfica Editorial Hispano-Americana (UTEHA)c1963 axv, 646 p.c23 cm. aParte I: La teoria y los fundamentos empiricos del comercio y de los movimientos de los factores internacionales : 3. Teoría del comercio internacional - 4. Teoría del comercio internacional(continuación) - 5. Fundamentos empíricos del comercio internacional - 6. Movimientos internacionales de los factores - 7. Examen de los movimientos internacionales del capital y de la población - Parte II: El problema del desequilibrio internacional : 8. La economía nacional dentro de la economía mundial: La balanza de pagos - 9. Cómo se hacen y compensan los pagos internacionales - 10. Tipos de cambio - 12. Fuentes de desequilibrio de la balanza de pagos - 12. Escasez de dólores - Parte III: El proceso de ajuste de la balanza de pagos : 13. Ajuste de la balanza de pagos bajo sistemas de tipos de cambio de fluctuación libre y flexibles - 14. Ajuste con el patrón oro - 15. Ajuste mediante el control de cambios - 16. La selección del proceso de ajuste - 17. El problema de la restauración del equilibrio europeo - 18. Negocio inconcluso: Convertibilidad plena y multilateralismo - 19. Los obstaculos a la convertibilidad : Parte IV: Barrera públicas y privadas al comercio internacional : 20. La teoría de los aranceles y otras resticciones al intercambio - 21. Políticas comerciales de los Estados Unidos - 22. Evaluación de las políticasa comerciales recientes de los Estados Unidos - 23. Monopolio y comercio internacional - 24. Carteles Internacionales - Parte V: La busqueda de la estabilidad y el crecimiento economicos mediante la cooperación internacional : 25. El conflicto entre la estabilidad doméstica y el libre comercio internacional: 25. El conflicto entre la estabilidad doméstica y el libre comercio internacional - 26. El fondo monetario internacional - 27. El problema de las regiones subdesarrolladas - 28. El papel del capital y la ayuda técnica internacionales en el desarrollo económico - 29. El banco internacional de reconstrucción y fomento - 30. El papel de los Estados Unidos en la economía mundial. aspa1 aFernández Cepero, Manuel de J.1 aSnider, Delbert A.